[Event "18.Open Seefeld"]
[Site "Seefeld / Oesterreich"]
[Date "2007.09.08"]
[Round "8"]
[White "Handl, Hans"]
[Black "Straesser, Gerda"]
[Result "1-0"]
[WhiteElo "1599"]
[BlackElo "1828"]
[PlyCount "75"]
[EventDate "2007.09.01"]
[EventType "swiss"]
[EventRounds "9"]
[EventCountry "AUT"]

1. e4 e6 2. d4 d5 3. e5 c5 4. c3 Nc6 5. f4 Bd7 6. Nf3 Qc7 7. Be2 cxd4 8. cxd4
Nge7 9. O-O Nf5 10. g4 Nfxd4 11. Nxd4 Nxd4 12. Nc3 Nxe2+ 13. Qxe2 Bc5+ 14. Kg2
a6 15. Bd2 O-O 16. Rfc1 Qb6 17. Kg3 Rac8 18. h4 Qa7 19. g5 b5 20. Qh2 Bc6 21.
h5 Be3 22. Rd1 Rc7 23. Be1 Rfc8 24. Rd3 d4 25. Rad1 b4 26. Nb1 Ba4 27. b3 Bb5
28. Rxe3 dxe3 29. Bxb4 e2 30. Re1 Qe3+ 31. Kh4 Rc1 32. Bd2 Qf3 33. Bxc1 Bd3 34.
Na3 Bf5 35. Qg3 Qf1 36. Nc4 Be4 37. Bd2 Bf3 38. Ne3 1-0

[Event "18.Open Seefeld"]
[Site "Seefeld / Oesterreich"]
[Date "2007.09.08"]
[Round "8"]
[White "Michel, Jan"]
[Black "Titz, Waldemar"]
[Result "1-0"]
[WhiteElo "1450"]
[BlackElo "1819"]
[PlyCount "90"]
[EventDate "2007.09.01"]
[EventType "swiss"]
[EventRounds "9"]
[EventCountry "AUT"]

1. e4 d6 2. d4 Nf6 3. Nc3 g6 4. Be2 Bg7 5. Nf3 c6 6. O-O O-O 7. Re1 Bg4 8. Rb1
Qc7 9. Be3 Nbd7 10. Nd2 Bxe2 11. Qxe2 b5 12. a3 a6 13. Nd1 Rac8 14. c3 c5 15.
d5 c4 16. f3 Ne5 17. Nf2 Rfe8 18. f4 Ned7 19. Qf3 Nc5 20. Bxc5 Qxc5 21. Kh1 e6
22. dxe6 Rxe6 23. Re2 Rce8 24. Rbe1 Qc7 25. h3 Nd7 26. g3 Nc5 27. g4 Qd8 28. g5
f6 29. h4 f5 30. exf5 gxf5 31. Rxe6 Rxe6 32. Rxe6 Nxe6 33. Qd5 Qe7 34. Qxf5 Nc5
35. Qc8+ Bf8 36. Nf1 Qe2 37. Kg1 Qf3 38. Qf5 Qe2 39. g6 hxg6 40. Qxg6+ Kh8 41.
Ng4 Nd3 42. Qh5+ Kg8 43. Nf6+ Kg7 44. Qxe2 Nxf4 45. Qg4+ Kxf6 1-0

[Event "18.Open Seefeld"]
[Site "Seefeld / Oesterreich"]
[Date "2007.09.08"]
[Round "8"]
[White "Bretscher, Robert"]
[Black "Loew, Bernd"]
[Result "1-0"]
[WhiteElo "1656"]
[BlackElo "1601"]
[PlyCount "57"]
[EventDate "2007.09.01"]
[EventType "swiss"]
[EventRounds "9"]
[EventCountry "AUT"]

1. e4 b6 2. Bc4 Bb7 3. d3 e6 4. Nf3 Nf6 5. Bb3 c5 6. O-O a6 7. Bg5 Be7 8. Nbd2
b5 9. e5 Nd5 10. Bxe7 Qxe7 11. Re1 O-O 12. Ne4 Nb6 13. Nd6 Bc6 14. c3 Bxf3 15.
Qxf3 Nc6 16. Qg3 Nc8 17. Nxc8 Raxc8 18. Bc2 b4 19. Re4 f5 20. exf6 Qxf6 21. Rc1
bxc3 22. b3 Nd4 23. f3 Nf5 24. Qe1 Rce8 25. Rc4 Rc8 26. Qxc3 Nd4 27. Kh1 Qf4
28. Re1 Nxf3 29. Rxf4 1-0

[Event "18.Open Seefeld"]
[Site "Seefeld / Oesterreich"]
[Date "2007.09.08"]
[Round "8"]
[White "Senn, Othmar"]
[Black "Masson, Wally"]
[Result "1-0"]
[WhiteElo "1419"]
[BlackElo "1290"]
[PlyCount "51"]
[EventDate "2007.09.01"]
[EventType "swiss"]
[EventRounds "9"]
[EventCountry "AUT"]

1. d4 f5 2. c4 e6 3. Nc3 Bb4 4. Bd2 Nf6 5. Nf3 Bxc3 6. Bxc3 O-O 7. Nd2 b6 8.
Qc2 d5 9. e3 Ba6 10. b3 Ne4 11. Bb2 Qd7 12. f3 Nd6 13. Rc1 b5 14. cxd5 exd5 15.
Qxc7 Qe6 16. Kf2 Rc8 17. Qa5 Rxc1 18. Bxc1 Nb7 19. Qc7 Nd7 20. b4 Re8 21. Nb3
Qxe3+ 22. Bxe3 Nb6 23. Nc5 Rc8 24. Qe7 Nxc5 25. dxc5 Nc4 26. Bd4 1-0

[Event "18.Open Seefeld"]
[Site "Seefeld / Oesterreich"]
[Date "2007.09.08"]
[Round "8"]
[White "Breedveld, Carmen"]
[Black "Ewanno, Georg"]
[Result "1-0"]
[WhiteElo "1289"]
[BlackElo "1250"]
[PlyCount "60"]
[EventDate "2007.09.01"]
[EventType "swiss"]
[EventRounds "9"]
[EventCountry "AUT"]

1. d4 d5 2. Nf3 Nf6 3. c4 Bf5 4. Nc3 e6 5. Bd2 h6 6. cxd5 exd5 7. e3 a6 8. Qa4+
c6 9. Be2 Be7 10. O-O O-O 11. Rfe1 Qd6 12. Nh4 Be6 13. Bd3 Ng4 14. Nf3 Bd8 15.
e4 f6 16. e5 fxe5 17. dxe5 Qe7 18. Be2 Nd7 19. h3 Ngxe5 20. Nxe5 Nxe5 21. Nd1
Bc7 22. Bb4 Bd6 23. Bc3 Qg5 24. h4 Qg6 25. h5 Qg5 26. Kf1 Qg3 27. Bxe5 Qxf2+
28. Nxf2 Bxe5 29. Bd3 Bg3 30. Re2 Bg4 1-0

[Event "18.Open Seefeld"]
[Site "Seefeld / Oesterreich"]
[Date "2007.09.09"]
[Round "9"]
[White "Schunk, Thomas"]
[Black "Pitl, Gregory"]
[Result "1/2-1/2"]
[WhiteElo "2346"]
[BlackElo "2387"]
[PlyCount "59"]
[EventDate "2007.09.01"]
[EventType "swiss"]
[EventRounds "9"]
[EventCountry "AUT"]

1. c4 c6 2. Nf3 d5 3. b3 Bf5 4. Bb2 e6 5. g3 h6 6. Bg2 Nf6 7. O-O Be7 8. d3 O-O
9. Nbd2 Nbd7 10. h3 Bh7 11. a3 a5 12. Rc1 Re8 13. Ne1 e5 14. cxd5 cxd5 15. e4
dxe4 16. dxe4 Nc5 17. Qe2 Bf8 18. Rc3 Ra6 19. Re3 b5 20. Nef3 Rd6 21. Qxb5 Rxd2
22. Nxd2 Qxd2 23. Bc3 Qc2 24. Bxa5 Ncxe4 25. Re2 Nc3 26. Bxc3 Qxc3 27. Re3 Qc5
28. Qb7 Qxa3 29. Bc6 Re7 30. Qb5 1/2-1/2

[Event "18.Open Seefeld"]
[Site "Seefeld / Oesterreich"]
[Date "2007.09.09"]
[Round "9"]
[White "van der Weide, Karel"]
[Black "Bayer, Bernhard"]
[Result "0-1"]
[WhiteElo "2502"]
[BlackElo "2356"]
[PlyCount "80"]
[EventDate "2007.09.01"]
[EventType "swiss"]
[EventRounds "9"]
[EventCountry "AUT"]

1. e4 c6 2. d4 d5 3. e5 Bf5 4. Nc3 e6 5. g4 Bg6 6. Nge2 f6 7. h4 Nd7 8. h5 Bf7
9. f4 Be7 10. Bg2 fxe5 11. dxe5 Nh6 12. Bf3 Qb6 13. a4 a6 14. a5 Qc7 15. Ng3
O-O-O 16. g5 Nf5 17. Nxf5 exf5 18. Ne2 Bb4+ 19. Bd2 Bc5 20. c3 Ba7 21. Qc2 g6
22. b4 c5 23. Be3 Nb8 24. O-O-O Rhe8 25. hxg6 hxg6 26. Rh7 Re7 27. Bxc5 Bxc5
28. bxc5 Qxc5 29. Nd4 Qxa5 30. e6 Rc7 31. Rd3 Be8 32. Rxc7+ Qxc7 33. Qd2 Nc6
34. Nxc6 Bxc6 35. Qe3 Qd6 36. Rd2 Qa3+ 37. Kd1 d4 38. e7 Qa1+ 39. Ke2 Bb5+ 40.
c4 Bxc4+ 0-1

[Event "18.Open Seefeld"]
[Site "Seefeld / Oesterreich"]
[Date "2007.09.09"]
[Round "9"]
[White "Stabolewski, Andreas"]
[Black "Heinig, Wolfram"]
[Result "1/2-1/2"]
[WhiteElo "2263"]
[BlackElo "2360"]
[PlyCount "61"]
[EventDate "2007.09.01"]
[EventType "swiss"]
[EventRounds "9"]
[EventCountry "AUT"]

1. Nf3 Nf6 2. c4 g6 3. Nc3 Bg7 4. e4 d6 5. d4 O-O 6. Be2 e5 7. O-O Na6 8. Be3
Ng4 9. Bg5 f6 10. Bd2 exd4 11. Nxd4 f5 12. Bxg4 fxg4 13. Be3 Nc5 14. Nb3 Nd7
15. Rc1 Ne5 16. c5 Qh4 17. cxd6 Be6 18. dxc7 Rae8 19. Nc5 Bc4 20. Nd7 Nf3+ 21.
gxf3 gxf3 22. Kh1 Bxf1 23. Qd5+ Rf7 24. Rxf1 Qh3 25. Rg1 Qxd7 26. Nb5 Be5 27.
Qxd7 Rxd7 28. Rc1 Rc8 29. Bxa7 Bxb2 30. Rb1 Be5 31. Bb6 1/2-1/2

[Event "18.Open Seefeld"]
[Site "Seefeld / Oesterreich"]
[Date "2007.09.09"]
[Round "9"]
[White "Sandhu, Mario"]
[Black "Vatter, Hans-Joachim"]
[Result "1/2-1/2"]
[WhiteElo "2338"]
[BlackElo "2319"]
[PlyCount "38"]
[EventDate "2007.09.01"]
[EventType "swiss"]
[EventRounds "9"]
[EventCountry "AUT"]

1. e4 e5 2. Nf3 d6 3. d4 exd4 4. Nxd4 Nf6 5. Nc3 Be7 6. Be3 O-O 7. Qd2 a6 8.
O-O-O b5 9. f3 c5 10. Nf5 Bxf5 11. exf5 Nbd7 12. g4 Nb6 13. g5 b4 14. Ne4 Nxe4
15. fxe4 Re8 16. f6 Bf8 17. Qf2 Qc8 18. Kb1 Qe6 19. Bc1 Na4 1/2-1/2

[Event "18.Open Seefeld"]
[Site "Seefeld / Oesterreich"]
[Date "2007.09.09"]
[Round "9"]
[White "Mertens, Klaus"]
[Black "Natter, Siegfried"]
[Result "1-0"]
[WhiteElo "2090"]
[BlackElo "2233"]
[PlyCount "81"]
[EventDate "2007.09.01"]
[EventType "swiss"]
[EventRounds "9"]
[EventCountry "AUT"]

1. Nf3 d5 2. g3 Nf6 3. Bg2 Bg4 4. h3 Bxf3 5. Bxf3 e5 6. d3 Nc6 7. c3 Qd7 8. b4
O-O-O 9. Qa4 e4 10. dxe4 Nxe4 11. Be3 a6 12. Qb3 Qe6 13. Bxe4 Qxe4 14. O-O Bd6
15. Nd2 Qe6 16. Kg2 d4 17. Qxe6+ fxe6 18. Bxd4 Nxd4 19. cxd4 Bxb4 20. Nf3 Bc3
21. Rad1 b5 22. e3 Rhe8 23. Ng5 Rd5 24. Ne4 Bb4 25. Rb1 a5 26. f4 Kb7 27. Kf3
Kb6 28. Rfc1 h6 29. Rc2 Rc8 30. h4 c6 31. g4 Be7 32. Nc3 Rd7 33. Nxb5 Ka6 34.
Nc3 Bxh4 35. Na4 Be7 36. Rb6+ Ka7 37. Rbxc6 Rxc6 38. Rxc6 e5 39. fxe5 Kb7 40.
Rc2 Bb4 41. Ke4 1-0

[Event "18.Open Seefeld"]
[Site "Seefeld / Oesterreich"]
[Date "2007.09.09"]
[Round "9"]
[White "Kugelmann, Werner"]
[Black "Wanderer, Thomas"]
[Result "1/2-1/2"]
[WhiteElo "2202"]
[BlackElo "2215"]
[PlyCount "51"]
[EventDate "2007.09.01"]
[EventType "swiss"]
[EventRounds "9"]
[EventCountry "AUT"]

1. e4 c5 2. Nf3 e6 3. c3 a6 4. d4 cxd4 5. cxd4 d6 6. Nc3 Nf6 7. Bd3 Be7 8. O-O
Nc6 9. Qe2 e5 10. dxe5 dxe5 11. h3 Be6 12. Rd1 Qc8 13. Bg5 O-O 14. Rac1 Qb8 15.
Bb1 Rd8 16. Nd5 Nxd5 17. exd5 Rxd5 18. Rxd5 Bxd5 19. Qd3 e4 20. Qxd5 exf3 21.
Bxe7 Nxe7 22. Qxf3 b6 23. Qe4 Ng6 24. Qc6 Qd8 25. Be4 Rb8 26. Qc3 1/2-1/2

[Event "18.Open Seefeld"]
[Site "Seefeld / Oesterreich"]
[Date "2007.09.09"]
[Round "9"]
[White "Wempe, Juergen"]
[Black "Platzgummer, Fabian"]
[Result "1/2-1/2"]
[WhiteElo "2204"]
[BlackElo "2124"]
[PlyCount "26"]
[EventDate "2007.09.01"]
[EventType "swiss"]
[EventRounds "9"]
[EventCountry "AUT"]

1. d4 Nf6 2. Nf3 e6 3. Bf4 b6 4. e3 Bb7 5. Nbd2 Be7 6. h3 O-O 7. Bd3 c5 8. c3
d6 9. O-O Nc6 10. Qe2 Rc8 11. Rad1 Qc7 12. Nc4 cxd4 13. exd4 Ba6 1/2-1/2

[Event "18.Open Seefeld"]
[Site "Seefeld / Oesterreich"]
[Date "2007.09.09"]
[Round "9"]
[White "Fuchs, Georg"]
[Black "Shahin, Walid"]
[Result "1-0"]
[WhiteElo "2193"]
[BlackElo "2068"]
[PlyCount "55"]
[EventDate "2007.09.01"]
[EventType "swiss"]
[EventRounds "9"]
[EventCountry "AUT"]

1. e4 e6 2. d4 d5 3. Nd2 Nf6 4. e5 Nfd7 5. Ndf3 c5 6. c3 Nc6 7. Bd3 cxd4 8.
cxd4 f6 9. exf6 Nxf6 10. Nh3 Bd6 11. O-O O-O 12. Re1 Qc7 13. Nhg5 h6 14. Nxe6
Bxe6 15. Rxe6 Ng4 16. h3 Nxf2 17. Kxf2 Nxd4 18. Rxd6 Nxf3 19. gxf3 Qxd6 20. Kg2
Qe5 21. Qe2 Qf6 22. Be3 d4 23. Bd2 Rae8 24. Qf2 Kh8 25. Rc1 Qb6 26. b3 Re6 27.
Qg3 Ref6 28. Rc7 1-0

[Event "18.Open Seefeld"]
[Site "Seefeld / Oesterreich"]
[Date "2007.09.09"]
[Round "9"]
[White "Kesik, Klaus-Dieter"]
[Black "Rahn, Oskar"]
[Result "1-0"]
[WhiteElo "2332"]
[BlackElo "2122"]
[PlyCount "71"]
[EventDate "2007.09.01"]
[EventType "swiss"]
[EventRounds "9"]
[EventCountry "AUT"]

1. d4 Nf6 2. Bg5 Ne4 3. Bf4 d5 4. f3 Nf6 5. e4 dxe4 6. Nc3 e6 7. fxe4 Bb4 8.
Qd3 c5 9. a3 Bxc3+ 10. bxc3 Nc6 11. Nf3 Qe7 12. Be2 O-O 13. Bg5 h6 14. Bh4 g5
15. Nxg5 Nxe4 16. Nf3 Ng5 17. Bf2 cxd4 18. cxd4 e5 19. Nxg5 hxg5 20. d5 Nd4 21.
Bxd4 exd4 22. O-O Bd7 23. Rf2 Rac8 24. Qxd4 Rxc2 25. d6 Qd8 26. Raf1 Be6 27.
Qe4 Rxe2 28. Qxe2 Qxd6 29. Qh5 Qc5 30. Kh1 Kg7 31. Rf6 b6 32. a4 a5 33. h3 g4
34. Qh6+ Kg8 35. hxg4 Re8 36. Rg6+ 1-0

[Event "18.Open Seefeld"]
[Site "Seefeld / Oesterreich"]
[Date "2007.09.09"]
[Round "9"]
[White "Maurer, Rainer"]
[Black "Jandke, Manfred"]
[Result "0-1"]
[WhiteElo "2117"]
[BlackElo "2201"]
[PlyCount "102"]
[EventDate "2007.09.01"]
[EventType "swiss"]
[EventRounds "9"]
[EventCountry "AUT"]

1. d4 Nf6 2. Nf3 d5 3. Bf4 c6 4. c3 g6 5. h3 Bg7 6. e3 Qb6 7. Qb3 O-O 8. Nbd2
Nbd7 9. Be2 h6 10. g4 Re8 11. Ne5 Qxb3 12. axb3 Nxe5 13. Bxe5 Nd7 14. Bxg7 Kxg7
15. b4 e5 16. dxe5 Nxe5 17. Nb3 f5 18. gxf5 Bxf5 19. Kd2 Nf7 20. b5 Ng5 21.
bxc6 bxc6 22. Nd4 Bd7 23. Bg4 Bxg4 24. hxg4 c5 25. Ne2 Nf3+ 26. Kd3 Ne5+ 27.
Kc2 Nxg4 28. Nf4 g5 29. Nxd5 Rf8 30. f4 Rf5 31. c4 gxf4 32. exf4 a5 33. Rae1 a4
34. Re7+ Rf7 35. Rxf7+ Kxf7 36. Rh4 Rg8 37. Nb6 Ne3+ 38. Kd2 Nf5 39. Rh5 Rg2+
40. Kc3 Rg3+ 41. Kd2 Kg6 42. Rh1 a3 43. bxa3 Rxa3 44. Nd7 Ng3 45. Rg1 Kf5 46.
Nxc5 h5 47. Rb1 h4 48. Rb8 h3 49. Nd3 h2 50. Rf8+ Ke6 51. Nf2 Ne4+ 0-1

[Event "18.Open Seefeld"]
[Site "Seefeld / Oesterreich"]
[Date "2007.09.09"]
[Round "9"]
[White "Schumacher, Helmut"]
[Black "Sucher, Johannes"]
[Result "0-1"]
[WhiteElo "2103"]
[BlackElo "2197"]
[PlyCount "56"]
[EventDate "2007.09.01"]
[EventType "swiss"]
[EventRounds "9"]
[EventCountry "AUT"]

1. d4 d5 2. Nc3 Bg4 3. Bf4 c6 4. Qd2 e6 5. e4 Nf6 6. h3 Bh5 7. e5 Nfd7 8. Nge2
c5 9. g4 Bg6 10. Bg2 Nc6 11. O-O-O Nb4 12. a3 Nxc2 13. Nxd5 Na1 14. Qe3 exd5
15. Bxd5 c4 16. Be4 Nb6 17. d5 Bc5 18. Qf3 Na4 19. Bxg6 hxg6 20. Kb1 Qb6 21.
Bc1 Nb3 22. Qf4 Bxa3 23. Qxc4 Nxb2 24. Bxb2 Bxb2 25. Qa4+ Kf8 26. Ka2 Nc5 27.
Qc2 Bxe5 28. Nd4 Qa5+ 0-1

[Event "18.Open Seefeld"]
[Site "Seefeld / Oesterreich"]
[Date "2007.09.09"]
[Round "9"]
[White "Jaenig, Reinhard"]
[Black "Oettinger, Hagen"]
[Result "1/2-1/2"]
[WhiteElo "2176"]
[BlackElo "2085"]
[PlyCount "54"]
[EventDate "2007.09.01"]
[EventType "swiss"]
[EventRounds "9"]
[EventCountry "AUT"]

1. e4 Nf6 2. e5 Nd5 3. d4 d6 4. c4 Nb6 5. exd6 exd6 6. h3 Nc6 7. Nf3 Bf5 8. Be3
Be7 9. Nc3 O-O 10. Rc1 Bf6 11. d5 Ne5 12. Nd4 Bg6 13. b3 Ned7 14. Be2 Bg5 15.
Bxg5 Qxg5 16. O-O Qf4 17. g3 Qe5 18. f4 Qe3+ 19. Kh2 h6 20. f5 Bh7 21. Rf4 Nf6
22. Ncb5 a6 23. Rc3 Qe7 24. Na3 Rfe8 25. Nac2 Nbxd5 26. cxd5 Nxd5 27. Rcf3 Nxf4
1/2-1/2

[Event "18.Open Seefeld"]
[Site "Seefeld / Oesterreich"]
[Date "2007.09.09"]
[Round "9"]
[White "Hofer, Franz"]
[Black "Stoer, Andreas"]
[Result "0-1"]
[WhiteElo "2051"]
[BlackElo "2171"]
[PlyCount "74"]
[EventDate "2007.09.01"]
[EventType "swiss"]
[EventRounds "9"]
[EventCountry "AUT"]

1. c4 e6 2. g3 d5 3. Bg2 Nf6 4. Nf3 Be7 5. O-O O-O 6. b3 c5 7. Bb2 Nc6 8. cxd5
Nxd5 9. Ne5 Nxe5 10. Bxe5 Bf6 11. Bxf6 Qxf6 12. Na3 Rb8 13. Qc1 b6 14. d3 Rd8
15. Re1 Bb7 16. Nc4 Nb4 17. a3 Nc6 18. Rb1 Nd4 19. b4 Bxg2 20. Kxg2 Rbc8 21. b5
e5 22. a4 Qe7 23. Qc3 e4 24. f3 exf3+ 25. exf3 Qf6 26. Re3 Re8 27. Rbe1 Rxe3
28. Rxe3 h5 29. Nd2 h4 30. Re4 hxg3 31. hxg3 Rd8 32. Rf4 Qe6 33. Qc4 Qe2+ 34.
Kh3 Ne6 35. Re4 Qxd2 36. Rxe6 fxe6 37. Qxe6+ Kh8 0-1

[Event "18.Open Seefeld"]
[Site "Seefeld / Oesterreich"]
[Date "2007.09.09"]
[Round "9"]
[White "Schnegg, Daniel"]
[Black "Gruber, Michael"]
[Result "1/2-1/2"]
[WhiteElo "2012"]
[BlackElo "2160"]
[PlyCount "20"]
[EventDate "2007.09.01"]
[EventType "swiss"]
[EventRounds "9"]
[EventCountry "AUT"]

1. e4 c5 2. Nf3 d6 3. d4 cxd4 4. Nxd4 Nf6 5. Nc3 a6 6. Bc4 e6 7. Bb3 Nbd7 8.
Bg5 Nc5 9. f4 Be7 10. Qf3 Qc7 1/2-1/2

[Event "18.Open Seefeld"]
[Site "Seefeld / Oesterreich"]
[Date "2007.09.09"]
[Round "9"]
[White "Klein, Gereon"]
[Black "Breedveld, Andre"]
[Result "0-1"]
[WhiteElo "2009"]
[BlackElo "2151"]
[PlyCount "54"]
[EventDate "2007.09.01"]
[EventType "swiss"]
[EventRounds "9"]
[EventCountry "AUT"]

1. Nf3 c5 2. c4 Nf6 3. Nc3 e6 4. d4 cxd4 5. Nxd4 Qc7 6. e4 Bb4 7. Bd3 Qe5 8.
Ndb5 a6 9. Qa4 Nc6 10. O-O Rb8 11. Ne2 g5 12. Nbc3 Ng4 13. f4 Qc5+ 14. Kh1 Nf2+
15. Rxf2 Qxf2 16. Qd1 h5 17. a3 Bxc3 18. bxc3 h4 19. e5 h3 20. Be4 hxg2+ 21.
Bxg2 g4 22. Ng1 Qh4 23. h3 gxh3 24. Bxh3 b6 25. Ra2 Bb7 26. Kh2 Rg8 27. Qd3 Ne7
0-1

[Event "18.Open Seefeld"]
[Site "Seefeld / Oesterreich"]
[Date "2007.09.09"]
[Round "9"]
[White "Storkebaum, Karl-Heinrich"]
[Black "Russ, Colin"]
[Result "1/2-1/2"]
[WhiteElo "2038"]
[BlackElo "1967"]
[PlyCount "39"]
[EventDate "2007.09.01"]
[EventType "swiss"]
[EventRounds "9"]
[EventCountry "AUT"]

1. d4 d5 2. Nf3 Nf6 3. c4 dxc4 4. e3 e6 5. Bxc4 c5 6. O-O Nc6 7. Bb5 Bd7 8. Nc3
Qc7 9. d5 exd5 10. Nxd5 Nxd5 11. Qxd5 Be7 12. Qe4 O-O 13. Bd2 Bf6 14. Bc3 Rfe8
15. Qc4 Bxc3 16. Qxc3 b6 17. Rfd1 Rad8 18. Rd2 Ne5 19. Be2 Nxf3+ 20. Bxf3 {
Rest der Notationen unbrauchbar !} 1/2-1/2

[Event "18.Open Seefeld"]
[Site "Seefeld / Oesterreich"]
[Date "2007.09.09"]
[Round "9"]
[White "Georgiev, Georgi"]
[Black "Babinetz, Rainer"]
[Result "1/2-1/2"]
[WhiteElo "1915"]
[BlackElo "2139"]
[PlyCount "104"]
[EventDate "2007.09.01"]
[EventType "swiss"]
[EventRounds "9"]
[EventCountry "AUT"]

1. d4 d5 2. Nf3 Nf6 3. c4 e6 4. g3 c6 5. Bg2 Nbd7 6. Nbd2 b6 7. O-O g6 8. b3
Bb7 9. Bb2 Bg7 10. Qc2 Rc8 11. e4 dxe4 12. Nxe4 Nxe4 13. Qxe4 O-O 14. Rad1 Qc7
15. Ne5 f5 16. Qe2 Nxe5 17. dxe5 Rfd8 18. f4 Bf8 19. Bf3 Bc5+ 20. Kg2 Ba6 21.
a3 Be7 22. Qe3 Bc5 23. Qc3 h6 24. Rd6 Bxd6 25. exd6 Qh7 26. Rd1 Rd7 27. Qf6 Bb7
28. Qxe6+ Qf7 29. Qe5 Kh7 30. Qf6 Rcd8 31. b4 c5 32. Bxb7 Qxf6 33. Bxf6 Rxd6
34. Rd5 R8d7 35. Be5 Rxd5 36. Bxd5 cxb4 37. axb4 b5 38. Kf3 bxc4 39. Bxc4 Rb7
40. b5 g5 41. fxg5 hxg5 42. Bd3 Kh6 43. Ke3 Rd7 44. Bb8 Rb7 45. Bd6 Rd7 46.
Bf8+ Kg6 47. Bc5 Kh5 48. Bxa7 f4+ 49. gxf4 gxf4+ 50. Ke4 Rxa7 51. Kxf4 Kh4 52.
Bf5 Rb7 1/2-1/2

[Event "18.Open Seefeld"]
[Site "Seefeld / Oesterreich"]
[Date "2007.09.09"]
[Round "9"]
[White "Niebergall, Gerhard"]
[Black "Pregl, Walter"]
[Result "1-0"]
[WhiteElo "2136"]
[BlackElo "2046"]
[PlyCount "93"]
[EventDate "2007.09.01"]
[EventType "swiss"]
[EventRounds "9"]
[EventCountry "AUT"]

1. e4 c5 2. Nc3 d6 3. f4 g6 4. Nf3 Bg7 5. Bb5+ Bd7 6. Bc4 Nc6 7. d3 a6 8. a3 e6
9. O-O Nge7 10. Rb1 O-O 11. Qe1 Nd4 12. Nxd4 cxd4 13. Ne2 d5 14. Bb3 dxe4 15.
dxe4 Bc6 16. Ng3 Qd7 17. Qa5 b5 18. Qe1 Rad8 19. Bd2 Rfe8 20. Ba5 Rb8 21. Kh1
Bb7 22. Qe2 Kh8 23. Rbd1 Qc6 24. Rd3 Qc5 25. Bb4 Qb6 26. Bxe7 Rxe7 27. e5 Rd7
28. Rfd1 Rbd8 29. Ne4 Qc6 30. Ng5 h6 31. Nf3 Qb6 32. c3 b4 33. axb4 a5 34. Ba4
Bxf3 35. Qxf3 Rc7 36. Rxd4 Rxd4 37. Rxd4 axb4 38. Rxb4 Qa5 39. h3 Qa7 40. Rd4
Kh7 41. h4 f6 42. h5 gxh5 43. exf6 Bxf6 44. Bc2+ Kh8 45. Ra4 Qc5 46. Ra8+ Rc8
47. Qe4 1-0

[Event "18.Open Seefeld"]
[Site "Seefeld / Oesterreich"]
[Date "2007.09.09"]
[Round "9"]
[White "Schlosser, Andree"]
[Black "Frank, Albert"]
[Result "1/2-1/2"]
[WhiteElo "2200"]
[BlackElo "1971"]
[PlyCount "180"]
[EventDate "2007.09.01"]
[EventType "swiss"]
[EventRounds "9"]
[EventCountry "AUT"]

1. d4 e6 2. Bf4 c5 3. c3 Qb6 4. Qb3 Qxb3 5. axb3 cxd4 6. cxd4 Nc6 7. e3 Nf6 8.
Nd2 Nd5 9. Bg3 f5 10. Ngf3 Be7 11. Bc4 Ndb4 12. O-O O-O 13. Rfc1 b6 14. Be2 g5
15. h3 f4 16. Bh2 Bb7 17. Nc4 Ba6 18. Bf1 d6 19. Ne1 fxe3 20. fxe3 Na5 21. Nc2
Rxf1+ 22. Kxf1 d5 23. Nxb4 Bxb4 24. Ra4 Bd2 25. Rc2 Bxe3 26. Re2 Bxd4 27. Nxa5
bxa5 28. Rxd4 Rc8 29. Ke1 Bxe2 30. Kxe2 Rc2+ 31. Rd2 Rc6 32. Kd3 Kf7 33. Rf2+
Ke7 34. Be5 Rb6 35. Bf6+ Kd6 36. Bxg5 Rxb3+ 37. Kc2 a4 38. Rf7 e5 39. Rxa7 Rg3
40. Bd2 d4 41. Rxa4 Kd5 42. Ra5+ Ke4 43. Ra7 Rxg2 44. Rxh7 Kf3 45. Rh4 Re2 46.
b4 e4 47. Kd1 e3 48. Rxd4 exd2 49. Rxd2 Re5 50. Kc2 Ke3 51. Rd3+ Ke4 52. Kc3
Rb5 53. Rd4+ Ke5 54. Rg4 Kd6 55. Kc4 Rh5 56. h4 Kc7 57. b5 Kb7 58. Kb4 Kb6 59.
Ka4 Rh6 60. Kb4 Rh5 61. Kc4 Rc5+ 62. Kd4 Rxb5 63. Ke4 Kc6 64. Kf3 Kd6 65. Re4
Re5 66. Rf4 Ke6 67. Kg4 Re1 68. Kg5 Rg1+ 69. Kh6 Rg2 70. h5 Rh2 71. Kg6 Rg2+
72. Kh7 Rg1 73. h6 Ke7 74. Ra4 Kf7 75. Ra7+ Kf8 76. Rg7 Rh1 77. Rg2 Rh4 78.
Rf2+ Ke7 79. Kg6 Rg4+ 80. Kh5 Rg1 81. h7 Rh1+ 82. Kg6 Rg1+ 83. Kh6 Rh1+ 84. Kg7
Rg1+ 85. Kh8 Rg3 86. Ra2 Kf7 87. Ra7+ Kf8 88. Ra8+ Kf7 89. Rg8 Rb3 90. Rg7+ Kf6
1/2-1/2

[Event "18.Open Seefeld"]
[Site "Seefeld / Oesterreich"]
[Date "2007.09.09"]
[Round "9"]
[White "Huettemann, Ralf"]
[Black "Mueller, Helmut"]
[Result "1-0"]
[WhiteElo "1998"]
[BlackElo "2077"]
[PlyCount "71"]
[EventDate "2007.09.01"]
[EventType "swiss"]
[EventRounds "9"]
[EventCountry "AUT"]

1. e4 e5 2. Nf3 Nc6 3. Bc4 Bc5 4. O-O Nf6 5. Nc3 O-O 6. d3 h6 7. a3 a6 8. Be3
Ba7 9. Qd2 d6 10. h3 Be6 11. Ba2 Kh7 12. Kh2 Nd4 13. Bxd4 Bxd4 14. Nxd4 exd4
15. Ne2 c5 16. Bxe6 fxe6 17. f4 Nd7 18. Rf3 Qe7 19. c3 dxc3 20. bxc3 g5 21. d4
Rg8 22. e5 cxd4 23. cxd4 dxe5 24. fxe5 Raf8 25. Qd3+ Kg7 26. Ng3 Kh8 27. Raf1
b5 28. Rxf8 Rxf8 29. Rxf8+ Nxf8 30. Qf3 a5 31. Ne4 b4 32. Nd6 Kg7 33. axb4 axb4
34. Qb3 g4 35. Qxb4 Qg5 36. Qb7+ 1-0

[Event "18.Open Seefeld"]
[Site "Seefeld / Oesterreich"]
[Date "2007.09.09"]
[Round "9"]
[White "Stock, Juergen"]
[Black "Gatterer, Matthias"]
[Result "1-0"]
[WhiteElo "2074"]
[BlackElo "1973"]
[PlyCount "81"]
[EventDate "2007.09.01"]
[EventType "swiss"]
[EventRounds "9"]
[EventCountry "AUT"]

1. d4 d5 2. c3 Nf6 3. Bg5 Ne4 4. Bh4 c5 5. e3 cxd4 6. exd4 Qb6 7. Qc1 Nc6 8.
Nd2 Bf5 9. Ngf3 e6 10. Nxe4 Bxe4 11. Nd2 Bg6 12. Be2 Rc8 13. Nf3 Nb4 14. O-O
Bd6 15. Qd2 Nc6 16. Rac1 O-O 17. Bg5 Qc7 18. Be3 a6 19. h3 Na5 20. Bd3 Nc4 21.
Bxc4 Qxc4 22. a3 Qc7 23. Nh4 b5 24. f4 Be7 25. Nf3 a5 26. Ne5 Be4 27. Qe2 Qb7
28. Rf2 b4 29. axb4 axb4 30. Nd3 Bxd3 31. Qxd3 bxc3 32. bxc3 f5 33. Bd2 Rc6 34.
Re2 Qa6 35. Qf3 Rb8 36. Rce1 Qc8 37. c4 dxc4 38. d5 Bc5+ 39. Kh2 exd5 40. Qxd5+
Kf8 41. Re8+ 1-0

[Event "18.Open Seefeld"]
[Site "Seefeld / Oesterreich"]
[Date "2007.09.09"]
[Round "9"]
[White "Niedermair, Hannes"]
[Black "Kainrath, Florian"]
[Result "0-1"]
[WhiteElo "2069"]
[BlackElo "2061"]
[PlyCount "100"]
[EventDate "2007.09.01"]
[EventType "swiss"]
[EventRounds "9"]
[EventCountry "AUT"]

1. e4 c5 2. d3 d6 3. Nf3 Nc6 4. g3 g6 5. Bg2 Bg7 6. O-O Nf6 7. Nbd2 Rb8 8. a4
O-O 9. Re1 Qc7 10. Nc4 Be6 11. e5 dxe5 12. Nfxe5 Nxe5 13. Nxe5 Nd5 14. c4 Nb4
15. Bf4 g5 16. Nc6 gxf4 17. Nxb8 Bf5 18. Be4 Bxe4 19. Rxe4 Rxb8 20. Rxf4 Rd8
21. Qh5 e6 22. Rh4 h6 23. Rg4 Kf8 24. Re1 Rxd3 25. Rf4 Rd4 26. Rf3 Qe7 27. b3
b6 28. a5 Qd7 29. axb6 axb6 30. Kg2 Rd3 31. Rxd3 Qxd3 32. Re3 Qd7 33. Qf3 Qc6
34. Re1 Qxf3+ 35. Kxf3 Nc2 36. Rb1 Ke7 37. Ke2 Bd4 38. f3 e5 39. Kd3 Nb4+ 40.
Ke4 Ke6 41. g4 Na2 42. Re1 Nc3+ 43. Kd3 f5 44. Ra1 e4+ 45. fxe4 fxe4+ 46. Kc2
e3 47. Ra6 e2 48. Rxb6+ Ke5 49. Rb8 Be3 50. Re8+ Kf4 0-1